000
00283nam a2200109Ia 4500
008
210430s9999 xx 000 0 und d
082
_a
355.331092 R1471B
100
_a
M. Attqur Rahman
_9
54560
245
_a
Back to the Pavilion
_c
M. Attqur Rahman
300
_a
293
942
_c
BK
_2
ddc
999
_c
565180
_d
565180